000 01069nac a22004330a 4500
001 PT54384
003 AR-LpoUNG
005 20210201005532.0
008 201001s1994||||sp |||||||||||||||||spa d
020 _a8475836593
_c$28
040 _aAR-LpoUNG
_bspa
_eaacr
041 _aspa
044 _asp
082 0 _aR909 794mun-v2
100 1 _aRobinson, Francis
245 1 3 _aEl mundo islámico :
_besplendor de una fe
260 _aBarcelona :
_bFolio,
_c1994.
300 _a[108] p. :
_bil., mapas, gráfs., fot.
_3Impreso
490 0 _aAtlas culturales del mundo
650 4 _aANALISIS HISTORICO
650 4 _aARTE
650 4 _aATLAS
650 4 _aCIUDADES
650 4 _aCIVILIZACION
650 4 _aCULTURA
650 4 _aFACTORES CULTURALES
650 4 _aHISTORIA
650 4 _aHISTORIA SOCIAL
650 4 _aISLAM
650 4 _aISLAMISMO
650 4 _aMATERIAL DE REFERENCIA
650 4 _aMUJERES
650 4 _aRELIGION
650 4 _aSOCIEDAD
651 4 _aMundial
700 1 _aBrown, Peter
905 _a54384
942 _cLSALA
999 _c50111
_d50111